书目信息 |
| 题名: |
毛泽东诗词唱段精选
|
|
| 作者: | 晓东 , 陶然 编 | |
| 分册: | ||
| 出版信息: | 北京 人民音乐出版社 1997.03 |
|
| 页数: | 230页 | |
| 开本: | 32开 | |
| 丛书名: | ||
| 单 册: | ||
| 中图分类: | J642.1 | |
| 科图分类: | ||
| 主题词: | 音乐--作品--中国 | |
| 电子资源: | ||
| ISBN: | 7-103-01045-5 | |
| 000 | 00601nam0 2200205 45 | |
| 001 | 0011221433 | |
| 005 | 20001122150025.6 | |
| 010 | @a7-103-01045-5@d16.60元 | |
| 100 | @a20001122d1997 km y0chiy0120 ea | |
| 101 | 0 | @achi |
| 105 | @a z 000yy | |
| 200 | 1 | @a毛泽东诗词唱段精选@AMao Ze Dong Shi Ci Chang Duan Jing Xuan@f晓东,陶然编@FXiao Dong,Tao Ran Bian |
| 210 | @a北京@c人民音乐出版社@d1997.03 | |
| 215 | @a230页@d32开 | |
| 606 | 0 | @a音乐@x作品@x中国 |
| 690 | @aJ642.1@v3 | |
| 701 | 0 | @a晓东@4编 |
| 701 | 0 | @a陶然@4编 |
| 801 | @aCN@bPftUser@c20001122 | |
| 905 | @b500753-754@dJ642.1@eX.290@f2 | |
| 毛泽东诗词唱段精选/晓东,陶然编.-北京:人民音乐出版社,1997.03 |
| 230页;32开 |
| ISBN 7-103-01045-5:16.60元 |
| ● |
| 相关链接 |
|
|
|
正题名:毛泽东诗词唱段精选
索取号:J642.1/X.290
 
预约/预借
| 序号 | 登录号 | 条形码 | 馆藏地/架位号 | 状态 | 备注 |
| 1 | 500753 | 205007534 | 社科库309/309社科库 93排3列6层/ [索取号:J642.1/X.290] | 在馆 | |
| 2 | 500754 | 205007543 | 社科库309/309社科库 93排3列6层/ [索取号:J642.1/X.290] | 在馆 |